[Event "EU-ch 22nd"]
[Site "Terme Catez"]
[Date "2022.03.28"]
[Round "2"]
[White "Pozun, Matej"]
[Black "Bukal, Vladimir Jr"]
[Result "1/2-1/2"]
[WhiteElo "2168"]
[BlackElo "2391"]
[PlyCount "80"]
[EventDate "2022.03.27"]
[EventType "swiss"]
[EventRounds "11"]
[EventCountry "SLO"]
[SourceTitle "CBM 208"]
[Source "ChessBase"]
[SourceDate "2022.06.30"]
[SourceVersion "1"]
[SourceVersionDate "2022.06.30"]
[SourceQuality "1"]

1. e4 c5 2. Nf3 a6 3. c3 e6 4. d4 d5 5. exd5 exd5 6. Be3 cxd4 7. Nxd4 Nf6 8. Bd3 Bd6 9. Nf5 Bxf5 10. Bxf5 0-0 11. 0-0 Nc6 12. Nd2 Re8 13. Qc2 g6 14. Bh3 Ne5 15. g3 Neg4 16. Bd4 h5 17. Rae1 Qc7 18. Nf3 Ne4 19. Qc1 Bf8 20. Bxg4 hxg4 21. Ng5 Nc5 22. Qc2 Bh6 23. h4 gxh3 24. Nxh3 Ne4 25. Kg2 Qc6 26. Rh1 Bg7 27. Qd1 Qc4 28. Bxg7 Kxg7 29. Nf4 Nf6 30. a3 Rad8 31. Qf3 Re4 32. Rd1 d4 33. cxd4 Rdxd4 34. Rxd4 Qxd4 35. b4 Qd7 36. Rd1 Qc6 37. Nd5 Re6 38. Nxf6 Rxf6 39. Qxc6 Rxc6 40. Rd7 b5 1/2-1/2

[Event "Trieste op 23rd"]
[Site "Trieste"]
[Date "2021.09.04"]
[Round "9"]
[White "Pozun, Matej"]
[Black "O'Gorman, Tom"]
[Result "0-1"]
[WhiteElo "2162"]
[BlackElo "2377"]
[PlyCount "100"]
[EventDate "2021.08.28"]
[EventType "swiss"]
[EventRounds "9"]
[EventCountry "ITA"]
[SourceTitle "CBM 204 Extra"]
[Source "ChessBase"]
[SourceDate "2021.11.30"]
[SourceVersion "1"]
[SourceVersionDate "2021.11.30"]
[SourceQuality "1"]

1. e4 c6 2. d4 d5 3. Nc3 dxe4 4. Nxe4 Nf6 5. Nxf6+ exf6 6. c3 Bd6 7. Bd3 0-0 8. Ne2 Re8 9. Qc2 h5 10. Bd2 Nd7 11. 0-0-0 Nf8 12. Ng3 Be6 13. Kb1 g6 14. h3 f5 15. Ne2 Bd5 16. f3 b5 17. Nf4 Bxf4 18. Bxf4 Qe7 19. Be5 f6 20. Bg3 a5 21. Rhe1 Qf7 22. b3 Rxe1 23. Rxe1 a4 24. b4 Ne6 25. Bd6 Rd8 26. Bc5 Re8 27. Qd2 Kg7 28. Bd6 h4 29. Qf2 Rd8 30. Bh2 f4 31. Qxh4 Bxa2+ 32. Ka1 Rh8 33. Qg4 g5 34. g3 Bd5 35. gxf4 Rh4 36. Qf5 gxf4 37. Be4 Rh5 38. Qg4+ Rg5 39. Qh4 Bxe4 40. fxe4 Nxd4 41. cxd4 Qb3 42. Qf2 Qa3+ 43. Kb1 Qxb4+ 44. Ka1 Qc3+ 45. Kb1 Qd3+ 46. Ka1 f3 47. Bg3 Kf8 48. e5 a3 49. Rg1 Qe2 50. e6 Rxg3 0-1

[Event "Solta op 4th"]
[Site "Grohote"]
[Date "2021.08.12"]
[Round "6"]
[White "Pozun, Matej"]
[Black "Cukrowski, Filip"]
[Result "0-1"]
[WhiteElo "2162"]
[BlackElo "2371"]
[PlyCount "84"]
[EventDate "2021.08.08"]
[EventType "swiss"]
[EventRounds "9"]
[EventCountry "CRO"]
[SourceTitle "CBM 203 Extra"]
[Source "ChessBase"]
[SourceDate "2021.09.30"]
[SourceVersion "1"]
[SourceVersionDate "2021.09.30"]
[SourceQuality "1"]

1. e4 c6 2. d4 d5 3. Nc3 dxe4 4. Nxe4 Nf6 5. Nxf6+ exf6 6. Bf4 Bd6 7. Bxd6 Qxd6 8. c3 0-0 9. Nf3 Re8+ 10. Be2 Nd7 11. 0-0 Nf8 12. Re1 Be6 13. Nd2 Ng6 14. Bf3 Nh4 15. Be2 Rad8 16. g3 Ng6 17. Bf3 Ne5 18. Bg2 Nd7 19. Qc2 f5 20. f4 g6 21. a3 Nb6 22. Nf3 Bd5 23. Rxe8+ Rxe8 24. Re1 Rxe1+ 25. Nxe1 Qe6 26. Qf2 Nc4 27. Bxd5 cxd5 28. Nf3 f6 29. a4 Qb6 30. b4 Qc6 31. b5 Qe8 32. Nd2 Nb2 33. Ne4 fxe4 34. Qxb2 e3 35. Qe2 Qe4 36. c4 Qxd4 37. cxd5 Kf7 38. Kf1 Qxa4 39. Qd3 a6 40. bxa6 Qxa6 41. Ke2 Qxd3+ 42. Kxd3 Ke7 0-1

[Event "Otocec Krka Terme op"]
[Site "Otocec"]
[Date "2021.07.06"]
[Round "5"]
[White "Pozun, Matej"]
[Black "Olenik Campa, Rudi"]
[Result "0-1"]
[WhiteElo "2158"]
[BlackElo "2172"]
[PlyCount "134"]
[EventDate "2021.07.03"]
[EventType "swiss"]
[EventRounds "9"]
[EventCountry "SLO"]
[SourceTitle "CBM 203 Extra"]
[Source "ChessBase"]
[SourceDate "2021.09.30"]
[SourceVersion "1"]
[SourceVersionDate "2021.09.30"]
[SourceQuality "1"]

1. e4 e6 2. d3 d5 3. Qe2 dxe4 4. dxe4 e5 5. Nf3 Nc6 6. c3 Nf6 7. Nbd2 a5 8. Nc4 Bc5 9. Ncxe5 0-0 10. Bg5 Nxe5 11. Nxe5 h6 12. Bh4 g5 13. Bg3 Re8 14. f3 Qe7 15. Nd3 Ba7 16. Bf2 Bxf2+ 17. Qxf2 Ra6 18. Be2 Nh5 19. 0-0 Rg6 20. g4 Ng7 21. Qc5 Qxc5+ 22. Nxc5 h5 23. h3 b6 24. Nb3 Ne6 25. Bb5 Rf8 26. Nd4 Nf4 27. gxh5 Rh6 28. Kf2 Rxh5 29. Rh1 Rxh3 30. Rxh3 Nxh3+ 31. Ke3 Kg7 32. Bc6 Rd8 33. a3 Kf6 34. b4 Bd7 35. Bxd7 Rxd7 36. Rh1 Nf4 37. Rh6+ Ng6 38. bxa5 bxa5 39. Rh2 Ne5 40. Rh6+ Ng6 41. Nc6 a4 42. Nb4 Rd1 43. Nd5+ Kg7 44. Rh2 Ne5 45. Ra2 Rd3+ 46. Ke2 Rxf3 47. Nxc7 Rxc3 48. Nd5 Rh3 49. Ra1 Nc4 50. Rc1 Nxa3 51. Nb6 Kf6 52. Nxa4 Ke5 53. Rc5+ Kxe4 54. Rxg5 Rh2+ 55. Kf1 Rc2 56. Rg2 Rc1+ 57. Kf2 f5 58. Rg6 Rc2+ 59. Kg1 Nb5 60. Nb6 Nd4 61. Nd7 Nf3+ 62. Kf1 Nd4 63. Rg8 Kf4 64. Kg1 Rc7 65. Nf6 Kf3 66. Kh2 f4 67. Nd5 Rh7+ 0-1

[Event "SLO-chT 30th"]
[Site "Gostovanja"]
[Date "2020.10.11"]
[Round "5.2"]
[White "Brinovec, Dusan"]
[Black "Pozun, Matej"]
[Result "0-1"]
[WhiteElo "2215"]
[BlackElo "2106"]
[PlyCount "126"]
[EventDate "2020.10.02"]
[EventType "team-tourn"]
[EventRounds "5"]
[EventCountry "SLO"]
[SourceTitle "CBM 198 Extra"]
[Source "ChessBase"]
[SourceDate "2020.11.30"]
[SourceVersion "1"]
[SourceVersionDate "2020.11.30"]
[SourceQuality "1"]
[WhiteTeam "Zalec"]
[BlackTeam "Krsko Triglav"]
[WhiteTeamCountry "SLO"]
[BlackTeamCountry "SLO"]

1. d4 d5 2. Nf3 c5 3. e3 Nf6 4. b3 cxd4 5. exd4 Nc6 6. Bb2 Bg4 7. Be2 e6 8. 0-0 Bd6 9. Ne5 Bxe2 10. Qxe2 Rc8 11. f4 0-0 12. c3 Ne4 13. Nd2 Nxd2 14. Qxd2 Qc7 15. Rae1 Rfe8 16. Rf3 f6 17. Ng4 Qf7 18. Rg3 Kh8 19. Rh3 Qg6 20. Nf2 Qf5 21. Rf3 Qg6 22. Qd3 Qxd3 23. Nxd3 Kg8 24. Rfe3 Kf7 25. g3 b5 26. Kg2 a5 27. R1e2 b4 28. cxb4 axb4 29. Rc2 Na7 30. Rd2 Nb5 31. Rf3 Rc6 32. Ne5+ Bxe5 33. fxe5 f5 34. g4 g6 35. gxf5 gxf5 36. Rh3 Rg8+ 37. Kf3 Rg7 38. Rh6 Kg8 39. Ke3 Rg6 40. Rxg6+ hxg6 41. Kf4 Kg7 42. h4 Kh6 43. Rg2 Rc8 44. Ke3 Nc3 45. a4 bxa3 46. Bxa3 Ne4 47. Kf4 Rc3 48. Bf8+ Kh5 49. Rb2 Rh3 50. Be7 Rd3 51. Bb4 g5+ 52. hxg5 Nxg5 53. Rh2+ Nh3+ 54. Rxh3+ Rxh3 55. Be7 Rxb3 56. Bf8 Rd3 57. Bc5 Rd1 58. Bb6 Rf1+ 59. Kg3 f4+ 60. Kh3 Rf3+ 61. Kg2 Kg4 62. Ba5 Rb3 63. Be1 Rb2+ 0-1

[Event "SLO-chT 29th"]
[Site "Slovenia"]
[Date "2019.12.20"]
[Round "7.3"]
[White "Rozman, Monika"]
[Black "Pozun, Matej"]
[Result "0-1"]
[WhiteElo "2122"]
[BlackElo "2062"]
[PlyCount "132"]
[EventDate "2019.09.06"]
[EventType "team-tourn"]
[EventRounds "9"]
[EventCountry "SLO"]
[SourceTitle "CBM 195 Extra"]
[Source "ChessBase"]
[SourceDate "2020.05.31"]
[SourceVersion "1"]
[SourceVersionDate "2020.05.31"]
[SourceQuality "1"]
[WhiteTeam "Prevodi Dvojka"]
[BlackTeam "Krsko Triglav"]
[WhiteTeamCountry "SLO"]
[BlackTeamCountry "SLO"]

1. e4 c5 2. Nf3 Nc6 3. d4 cxd4 4. Nxd4 Nf6 5. Nc3 e5 6. Ndb5 d6 7. Bg5 a6 8. Na3 b5 9. Nd5 Be7 10. Bxf6 Bxf6 11. c3 Bb7 12. Nc2 Nb8 13. a4 bxa4 14. Rxa4 Nd7 15. Bc4 0-0 16. 0-0 Nc5 17. Rb4 a5 18. Nxf6+ Qxf6 19. Rb6 Bxe4 20. Ne3 Rfd8 21. f3 Qg5 22. Bxf7+ Kh8 23. Re1 Bg6 24. Bxg6 Qxg6 25. Nc4 Nd3 26. Re2 Rab8 27. Rxb8 Rxb8 28. Rd2 Nf4 29. Nxe5 Qf5 30. Rxd6 h6 31. Nd3 Nxd3 32. Qxd3 Qxd3 33. Rxd3 Rxb2 34. Rd8+ Kh7 35. Ra8 Rc2 36. Rxa5 Rxc3 37. Kf2 Rc6 38. g4 Kg6 39. h4 Rb6 40. Kg3 Kf6 41. Rf5+ Ke6 42. h5 Rb1 43. Ra5 Kf6 44. Ra6+ Kf7 45. Rd6 Ke7 46. Rc6 Kf7 47. Kf4 Rb4+ 48. Ke5 Rb5+ 49. Ke4 Rb4+ 50. Ke5 Rb5+ 51. Kd4 Rb1 52. Rc5 Kf6 53. Rf5+ Ke6 54. Ke4 Rb4+ 55. Ke3 Rb3+ 56. Kf4 Rb4+ 57. Kg3 Rb3 58. Ra5 Kf6 59. Ra6+ Kf7 60. g5 hxg5 61. Kg4 Rb4+ 62. Kxg5 Rb5+ 63. Kg4 Rb4+ 64. f4 Rb5 65. Rg6 Ra5 66. Rg5 Ra1 0-1

[Event "SLO-chT U20"]
[Site "Nova Gorica"]
[Date "2018.06.28"]
[Round "3.4"]
[White "Pozun, Matej"]
[Black "Ivic, Velimir"]
[Result "0-1"]
[WhiteElo "2047"]
[BlackElo "2425"]
[PlyCount "58"]
[EventDate "2018.06.27"]
[EventType "team-tourn"]
[EventRounds "7"]
[EventCountry "SLO"]
[SourceTitle "EXT 2020"]
[Source "ChessBase"]
[SourceDate "2019.10.17"]
[SourceVersion "1"]
[SourceVersionDate "2019.10.17"]
[SourceQuality "1"]
[WhiteTeam "Krsko Triglav U20"]
[BlackTeam "Ptuj U20"]
[WhiteTeamCountry "SLO"]
[BlackTeamCountry "SLO"]

1. e4 c5 2. Nf3 d6 3. d4 cxd4 4. Nxd4 Nf6 5. Nc3 a6 6. Be2 e5 7. Nb3 Be7 8. 0-0 0-0 9. Kh1 b6 10. f4 Bb7 11. Bf3 Nbd7 12. Qe1 Rc8 13. Qg3 Rxc3 14. bxc3 Nxe4 15. Qe1 f5 16. Bb2 exf4 17. Nd4 Ndc5 18. Kg1 Qd7 19. Rd1 g5 20. Nb3 Bf6 21. Qe2 Kh8 22. Qc4 Qe7 23. Nxc5 bxc5 24. Rfe1 g4 25. Be2 Rg8 26. Kf1 Be5 27. Bd3 d5 28. Qa4 Qh4 29. Bxe4 fxe4 0-1

[Event "SLO-chT U20"]
[Site "Nova Gorica"]
[Date "2018.06.27"]
[Round "1.4"]
[White "Subelj, Jan"]
[Black "Pozun, Matej"]
[Result "1-0"]
[WhiteElo "2335"]
[BlackElo "2047"]
[PlyCount "115"]
[EventDate "2018.06.27"]
[EventType "team-tourn"]
[EventRounds "7"]
[EventCountry "SLO"]
[SourceTitle "EXT 2020"]
[Source "ChessBase"]
[SourceDate "2019.10.17"]
[SourceVersion "1"]
[SourceVersionDate "2019.10.17"]
[SourceQuality "1"]
[WhiteTeam "Zalec U20"]
[BlackTeam "Krsko Triglav U20"]
[WhiteTeamCountry "SLO"]
[BlackTeamCountry "SLO"]

1. e4 e5 2. Nf3 Nc6 3. Bb5 a6 4. Ba4 Nf6 5. 0-0 Be7 6. Re1 b5 7. Bb3 d6 8. c3 0-0 9. h3 Nb8 10. d4 Nbd7 11. Nbd2 Bb7 12. Bc2 Re8 13. Nf1 Bf8 14. Ng3 g6 15. b3 Nb6 16. Bb2 Bg7 17. dxe5 dxe5 18. Qe2 Nfd7 19. Nf1 c5 20. Ne3 Qc7 21. c4 Bc6 22. Bd3 Qb7 23. Nd2 Nc8 24. Nd5 Nd6 25. Rad1 Rad8 26. Bc3 Nf6 27. Nf3 Nd7 28. Ba5 Rc8 29. Bc2 Qb8 30. Bc3 b4 31. Bb2 Rcd8 32. Bc1 a5 33. Bg5 f6 34. Be3 Nf7 35. Rd2 Bh6 36. Red1 Bxe3 37. Qxe3 Kg7 38. Ne1 Ng5 39. h4 Ne6 40. h5 Nd4 41. h6+ Kf7 42. Bd3 Qd6 43. Be2 a4 44. Bg4 axb3 45. axb3 Ra8 46. Qg3 Bxd5 47. cxd5 Ra3 48. Rd3 Nb6 49. Rc1 Ra2 50. Rxd4 cxd4 51. Rc6 Qd8 52. Nd3 Ra7 53. Be6+ Rxe6 54. dxe6+ Ke7 55. Nxb4 Ke8 56. Qd3 Ra5 57. Qc2 Rb5 58. Nd3 1-0

[Event "SLO-chT 27th"]
[Site "Slovenia"]
[Date "2017.12.09"]
[Round "8.5"]
[White "Pozun, Matej"]
[Black "Tratar, Marko"]
[Result "1/2-1/2"]
[WhiteElo "2140"]
[BlackElo "2465"]
[PlyCount "61"]
[EventDate "2017.09.29"]
[EventType "team-tourn"]
[EventRounds "9"]
[EventCountry "SLO"]
[SourceTitle "EXT 2019"]
[Source "ChessBase"]
[SourceDate "2018.10.10"]
[SourceVersion "1"]
[SourceVersionDate "2018.10.10"]
[SourceQuality "1"]
[WhiteTeam "Krsko Triglav"]
[BlackTeam "Ljubljana Duol"]
[WhiteTeamCountry "SLO"]
[BlackTeamCountry "SLO"]

1. e4 e6 2. d4 d5 3. Nc3 Nf6 4. e5 Nfd7 5. f4 c5 6. Nf3 Nc6 7. Be3 cxd4 8. Nxd4 Bc5 9. Qd2 0-0 10. Be2 a6 11. a3 Qc7 12. Rd1 b6 13. 0-0 Bb7 14. Rf3 Rac8 15. Qe1 Rfe8 16. Qf2 Nxd4 17. Bxd4 f6 18. exf6 Nxf6 19. Rg3 Rf8 20. Qe3 Rce8 21. Kh1 Bxd4 22. Qxd4 g6 23. Re3 Re7 24. Bf3 Ne8 25. g3 Nd6 26. Bg4 Bc8 27. Rde1 Rfe8 28. Qf6 Rf7 29. Qd4 Rfe7 30. Qf6 Rf7 31. Qd4 1/2-1/2

[Event "Otocec Krka Terme op"]
[Site "Otocec"]
[Date "2017.11.03"]
[Round "4"]
[White "Pozun, Matej"]
[Black "Urbanc, Peter"]
[Result "0-1"]
[WhiteElo "2102"]
[BlackElo "2290"]
[PlyCount "126"]
[EventDate "2017.11.02"]
[EventType "swiss"]
[EventRounds "9"]
[EventCountry "SLO"]
[SourceTitle "EXT 2019"]
[Source "ChessBase"]
[SourceDate "2018.10.10"]
[SourceVersion "1"]
[SourceVersionDate "2018.10.10"]
[SourceQuality "1"]

1. e4 b6 2. d4 Bb7 3. Bd3 e6 4. Nf3 d5 5. e5 c5 6. c3 Qd7 7. Qe2 a5 8. a4 Ba6 9. b3 Bxd3 10. Qxd3 Nc6 11. Ba3 Nh6 12. 0-0 Be7 13. Rd1 0-0 14. dxc5 bxc5 15. c4 d4 16. Nbd2 Qc7 17. Qe4 Rab8 18. Rab1 Nb4 19. Bxb4 Rxb4 20. Ne1 f5 21. exf6 Rxf6 22. Nd3 Rb8 23. Nf3 Bd6 24. h3 Rbf8 25. Ng5 Rg6 26. Nxe6 Re8 27. Nxc7 Rxe4 28. Nb5 Be7 29. Re1 Rge6 30. Kf1 Nf7 31. Nc7 Rxe1+ 32. Rxe1 Rxe1+ 33. Kxe1 Nd8 34. Ke2 Kf7 35. Kf3 Bd6 36. Nb5 Ke6 37. Ke4 Nc6 38. f4 Ne7 39. g4 g6 40. Na3 Ng8 41. f5+ gxf5+ 42. gxf5+ Ke7 43. Nb5 Nf6+ 44. Kf3 Kd7 45. Nxd6 Kxd6 46. Nf4 Ke5 47. Nd3+ Kd6 48. Kg3 Ne4+ 49. Kf4 Nd2 50. Kg5 Nxb3 51. Kf6 Nd2 52. Kg7 Nxc4 53. f6 Nb6 54. f7 Nd7 55. Nb2 Kd5 56. Kxh7 c4 57. h4 d3 58. h5 d2 59. Nd1 Kd4 60. h6 c3 61. Kg8 c2 62. h7 Nf6+ 63. Kg7 Nxh7 0-1

[Event "SLO-chT 27th"]
[Site "Slovenia"]
[Date "2017.10.22"]
[Round "6.1"]
[White "Plesec, Damjan"]
[Black "Pozun, Matej"]
[Result "1-0"]
[WhiteElo "2252"]
[BlackElo "2140"]
[PlyCount "77"]
[EventDate "2017.09.29"]
[EventType "team-tourn"]
[EventRounds "9"]
[EventCountry "SLO"]
[SourceTitle "CBM 181 Extra"]
[Source "ChessBase"]
[SourceDate "2017.12.12"]
[SourceVersion "1"]
[SourceVersionDate "2017.12.12"]
[SourceQuality "1"]
[WhiteTeam "Maribor"]
[BlackTeam "Krsko Triglav"]
[WhiteTeamCountry "SLO"]
[BlackTeamCountry "SLO"]

1. Nf3 Nf6 2. c4 g6 3. Nc3 d5 4. cxd5 Nxd5 5. e4 Nxc3 6. dxc3 Qxd1+ 7. Kxd1 Bg7 8. Bf4 c5 9. Be3 b6 10. Bb5+ Bd7 11. a4 Nc6 12. Kc2 a6 13. Be2 Na5 14. Nd2 0-0 15. Nc4 Nxc4 16. Bxc4 b5 17. Bd5 Rac8 18. axb5 axb5 19. Ra7 Rfd8 20. Rd1 e6 21. Bb7 Rc7 22. Bxc5 Rxc5 23. Ba6 b4 24. Rdxd7 Rxd7 25. Rxd7 Kf8 26. Rd3 Ke7 27. c4 Ra5 28. Bb5 Be5 29. Rd7+ Kf8 30. Kb3 Ra1 31. Rd2 Rb1 32. c5 Ke7 33. g3 g5 34. c6 Bd6 35. Kc2 Ra1 36. c7 Ra8 37. e5 Bxe5 38. Rd7+ Kf6 39. Rd8 1-0